Boro-kachharir samaaj aru sanskriti (Record no. 8394)

MARC details
000 -LEADER
fixed length control field 00507cam a2200205ua 4500
001 - CONTROL NUMBER
control field 9342
005 - DATE AND TIME OF LATEST TRANSACTION
control field 20260515114444.0
008 - FIXED-LENGTH DATA ELEMENTS--GENERAL INFORMATION
fixed length control field 150730n ii |||gr||||Z||||||asm
040 ## - CATALOGING SOURCE
Transcribing agency MAIN
041 ## - LANGUAGE CODE
Language code of text/sound track or separate title asm
082 ## - DEWEY DECIMAL CLASSIFICATION NUMBER
Classification number 305.8
245 12 - TITLE STATEMENT
Title Boro-kachharir samaaj aru sanskriti
Statement of responsibility, etc. by Bhaben Narzi
250 ## - EDITION STATEMENT
Edition statement 3rd ed./ rep.
260 ## - PUBLICATION, DISTRIBUTION, ETC.
Place of publication, distribution, etc. Guwahati:
Name of publisher, distributor, etc. Bina library,
Date of publication, distribution, etc. 2009.
300 ## - PHYSICAL DESCRIPTION
Extent 256p.
653 ## - INDEX TERM--UNCONTROLLED
Uncontrolled term Social groups
653 ## - INDEX TERM--UNCONTROLLED
Uncontrolled term Boro-kachhari tribe
700 ## - ADDED ENTRY--PERSONAL NAME
Personal name Narzi, Bhaben,
Relator term Author.
942 ## - ADDED ENTRY ELEMENTS (KOHA)
Koha item type Books
Holdings
Withdrawn status Lost status Damaged status Not for loan Home library Current library Shelving location Date acquired Total checkouts Full call number Barcode Date last seen Copy number Price effective from Koha item type Date last checked out
        Naharkatiya College Library Naharkatiya College Library General stacks 09/19/2020   305.8 | NAR 20607 09/19/2020 2 09/19/2020 Books  
        Naharkatiya College Library Naharkatiya College Library General stacks 09/19/2020   305.8 | NAR 20608 09/19/2020 6 09/19/2020 Books  
        Naharkatiya College Library Naharkatiya College Library General stacks 09/19/2020   305.8 | NAR 20642 09/10/2022 1 09/19/2020 Books  
        Naharkatiya College Library Naharkatiya College Library General stacks 09/19/2020 4 305.8 | NAR 20643 10/12/2023 4 09/19/2020 Books 09/28/2023
        Naharkatiya College Library Naharkatiya College Library General stacks 09/19/2020 2 305.8 | NAR 20644 03/06/2025 5 09/19/2020 Books 02/18/2025
        Naharkatiya College Library Naharkatiya College Library General stacks 09/19/2020 4 305.8 | NAR 20645 09/21/2024 3 09/19/2020 Books 09/07/2024